Catalog

Record Details

Catalog Search



Ultimate Spider-Man. #10, Hollywood / writer, ... Read More

Bagley, Mark.(Added Author). Thibert, Art.(Added Author). ... Read More

Available copies

  • 1 of 1 copy available at LARL/NWRL Consortium.
  • 1 of 1 copy available at Lake Agassiz Regional Library. (Show preferred library)

Current holds

0 current holds with 1 total copy.

Show Only Available Copies
Location Call Number / Copy Notes Barcode Shelving Location Status Due Date
Moorhead Public Library Y G BEN (Text) 33500009765512 Main Available -

Record details

  • ISBN: 0785134379 (pbk.)
  • ISBN: 9780785134374 (pbk.)
  • Physical Description: 1 v. (unpaged) : col. ill. ; 26 cm.
  • Edition: Direct ed.
  • Publisher: New York : Marvel, c2004.

Content descriptions

General Note:
Title and volume number from cover.
"Contains material originally published in magazine form as Ultimate Spider-Man #54-59"--T.p. verso.
Subject: Spider-Man (Fictitious character) > Comic books, strips, etc.
Genre: Superhero comic books, strips, etc.
Science fiction comic books, strips, etc.
Comic books, strips, etc.
Graphic novels.
LDR 01665nam a2200409Ia 4500
00195438
003LARL_NWRL_CONSORTIUM
00520080814120022.0
008080728s2004 nyua d 000 c eng d
020 . ‡a0785134379 (pbk.)
020 . ‡a9780785134374 (pbk.)
0243 . ‡a9780785134374 ‡d51299
035 . ‡a(OCoLC)55949362 ‡z(OCoLC)236165134
092 . ‡aYA COMICS ‡bBENDIS
1001 . ‡aBendis, Brian Michael. ‡0(LARL_NWRL_CONSORTIUM)141838
24510. ‡aUltimate Spider-Man. ‡n#10, ‡pHollywood / ‡cwriter, Brian Michael Bendis ; pencils, Mark Bagley ; inks, Art Thibert & Scott Hanna ; colors, J.D. Smith ; letters, Chris Eliopoulos.
24630. ‡aHollywood; ‡n#10
250 . ‡aDirect ed.
260 . ‡aNew York : ‡bMarvel, ‡cc2004.
300 . ‡a1 v. (unpaged) : ‡bcol. ill. ; ‡c26 cm.
4900 . ‡aUltimate Spider-Man; ‡v10
500 . ‡aTitle and volume number from cover.
500 . ‡a"Contains material originally published in magazine form as Ultimate Spider-Man #54-59"--T.p. verso.
650 0. ‡aSpider-Man (Fictitious character) ‡vComic books, strips, etc.
655 7. ‡aSuperhero comic books, strips, etc. ‡2gsafd
655 0. ‡aScience fiction comic books, strips, etc.
655 0. ‡aComic books, strips, etc.
655 0. ‡aGraphic novels.
7001 . ‡aBagley, Mark. ‡0(LARL_NWRL_CONSORTIUM)142403
7001 . ‡aThibert, Art. ‡0(LARL_NWRL_CONSORTIUM)116279
7001 . ‡aHanna, Scott. ‡0(LARL_NWRL_CONSORTIUM)117044
901 . ‡a95438 ‡bOCLC ‡c95438 ‡tbiblio

Additional Resources